000 00249nam a2200097Ia 4500
001 777060
005 20250826165859.0
008 250824s9999 xx 000 0 und d
245 0 _aTEK VE TEK BAŞINA TÜRKAN
_cAYŞE KULİN
260 _bEVEREST YAYINLARI
999 _c777060
_d777060